| 000 | 00541agd a2200205 4500 | ||
|---|---|---|---|
| 005 | 20170613161616.0 | ||
| 008 | 150610b xxu||||| |||| 00| 0 spa d | ||
| 041 | _aEspañol | ||
| 082 | _a258 DVD | ||
| 245 | _a El sorprendente mundo marino | ||
| 260 | _aCosta Rica | ||
| 260 | _bFilmaciones Submarinas | ||
| 260 | _c2004 | ||
| 300 | _a35 minutos | ||
| 650 |
_aECOSISTEMAS MADRINOS _943108 |
||
| 650 |
_aARRECIFES DE CORALES _943109 |
||
| 650 |
_aESPECIES DE ARRECIF _943110 |
||
| 650 |
_aESPECIES OCEÁNICAS _943111 |
||
| 942 | _cDVD | ||
| 999 |
_c9550 _d9550 |
||